000 00852cam a2200241 4500
001 ##L131875
008 051213n2002 000 0 eng u
020 _a1860815490
035 _a(Sirsi) u131875
041 0 _aeng
050 0 4 _a693.834 $2 18
100 1 _aHopkins, Carl
245 0 0 _aDealing with poor sound insulation between new dwellings
260 _aLondon
_bBRE
_c2002
300 _a4p
_bdiagrams
_c30cm
490 0 _aBRE Information Paper
_vIP14/02
520 _aDescribes how to rectify defects thatcause poor sound insulation between new residential properties, that therefore fail to comply with Section O of Approved Document E.
650 2 4 _aBUILDING REGULATIONS 2000 APPROVED DOCUMENT E
651 4 _aUnited Kingdom
_y
690 _aBUILT ENVIRONMENT-CONSTRUCTION DESIGN-ACOUSTICS
700 1 _aSeller, John
942 _n0
999 _c104889
_d104889